Normal view
MARC view
Entry Nombre personal
001 - NÚMERO DE CONTROL
- campo de control: 960
003 - IDENTIFICADOR DE NÚMERO DE CONTROL
- campo de control: DLC
005 - FECHA Y HORA DE LA ÚLTIMA TRANSACCIÓN
- campo de control: 20260325083944.0
008 - ELEMENTOS DE DATO DE LONGITUD-FIJA
- campo de control de longitud fija: 800423n| azannaabn |a aaa
010 ## - NÚMERO DE CONTROL DE LA BIBLIOTECA DEL CONGRESO
- Número de control de LC: n 80028125
- Número de control de LC cancelado o no válido: n 83068448
035 ## - NÚMERO DE CONTROL DEL SISTEMA
- Número de control de sistema: (OCoLC)oca00410380
040 ## - FUENTE DE CATALOGACIÓN
- Centro catalogador/agencia de origen: DLC
- Lengua de catalogación: eng
- Normas de descripción: rda
- Centro/agencia transcriptor: DLC
- Centro/agencia modificador: DLC
- Centro/agencia modificador: NNU
- Centro/agencia modificador: DLC
- Centro/agencia modificador: DLC
- Centro/agencia modificador: NcD
- Centro/agencia modificador: InU
046 ## - FECHAS CON CODIFICACIÓN ESPECIAL
- Fecha de nacimiento: 1919
- Fecha de la muerte: 1996
100 1# - ENCABEZAMIENTO-NOMBRE DE PERSONA
- Nombre de persona: Duby, Georges
400 1# - TRAZADO DE VÉASE--NOMBRE DE PERSONA
- Nombre de persona: Dubi, Qiaozhi
400 1# - TRAZADO DE VÉASE--NOMBRE DE PERSONA
- Nombre de persona: Duby, G.
- Forma completa/desarrollada del nombre: (Georges)
400 1# - TRAZADO DE VÉASE--NOMBRE DE PERSONA
- Nombre de persona: Di︠u︡bi, Zhorzh
670 ## - FUENTE DE DATOS ENCONTRADOS
- Cita de la fuente: His La société ... 1953.
670 ## - FUENTE DE DATOS ENCONTRADOS
- Cita de la fuente: L'Eurasie, c1982:
- Información encontrada: t.p. (Georges Duby, professeur) spine (G. Duby)
670 ## - FUENTE DE DATOS ENCONTRADOS
- Cita de la fuente: N.Y. times, Dec. 8, 1996
- Información encontrada: (Georges Duby; scholar of medieval societies; b. Georges Michel Claude Duby in Paris; d. Dec. 3, 1996 in Aix-en-Provence at age 77)
670 ## - FUENTE DE DATOS ENCONTRADOS
- Cita de la fuente: Regards croisés sur ... c2000:
- Información encontrada: title page (Georges Duby) page 13 (b. Paris 1919)
670 ## - FUENTE DE DATOS ENCONTRADOS
- Cita de la fuente: BnF Web OPAC, Mar. 2, 2005
- Información encontrada: (Duby, Georges (1919-1996); b. Oct. 7, 1919; d. Dec. 3, 1996; médiéviste; professeur d'histoire des sociétés médiévales au Collège de France; membre de l'Académie française)
670 ## - FUENTE DE DATOS ENCONTRADOS
- Cita de la fuente: Wuji yi xiang, 1996:
- Información encontrada: page 9 (Georges Duby) page 21 (Qiaozhi Dubi)
670 ## - FUENTE DE DATOS ENCONTRADOS
- Cita de la fuente: Istorii︠a︡ chastnoĭ zhizni, 20:
- Información encontrada: t.p. (... Zhorzha Di︠u︡bi ; Georges Duby)